| 000 | 01345nam a2200361Ia 4500 | ||
|---|---|---|---|
| 001 | ebr10538654 | ||
| 003 | CaPaEBR | ||
| 006 | m u | ||
| 007 | cr cn||||||||| | ||
| 008 | 110829s2012 enk sb 001 0 eng d | ||
| 010 | _z 2011036323 | ||
| 020 | _z9781444336801 | ||
| 020 | _z9781444362367 | ||
| 040 |
_aCaPaEBR _cCaPaEBR |
||
| 035 | _a(OCoLC)779165227 | ||
| 050 | 1 | 4 |
_aHF1025 _b.W582 2012eb |
| 082 | 0 | 4 |
_a330.9 _223 |
| 245 | 0 | 4 |
_aThe Wiley-Blackwell companion to economic geography _h[electronic resource] / _cedited by Trevor J. Barnes, Jamie Peck, and Eric Sheppard. |
| 260 |
_aChichester, West Sussex ; _aMalden, MA : _bWiley, _c2012. |
||
| 300 | _axviii, 646 p. | ||
| 504 | _aIncludes bibliographical references and index. | ||
| 533 |
_aElectronic reproduction. _bPalo Alto, Calif. : _cebrary, _d2011. _nAvailable via World Wide Web. _nAccess may be limited to ebrary affiliated libraries. |
||
| 650 | 0 | _aEconomic geography. | |
| 650 | 0 | _aGeography. | |
| 650 | 0 | _aEconomics. | |
| 655 | 7 |
_aElectronic books. _2local |
|
| 700 | 1 | _aBarnes, Trevor J. | |
| 700 | 1 | _aPeck, Jamie. | |
| 700 | 1 | _aSheppard, Eric S. | |
| 710 | 2 | _aebrary, Inc. | |
| 710 | 2 | _aWiley-Blackwell (Firm) | |
| 856 | 4 | 0 |
_uhttp://site.ebrary.com/lib/rucke/Doc?id=10538654 _zAn electronic book accessible through the World Wide Web; click to view |
| 999 |
_c244000 _d244000 |
||